Normal view MARC view
  • Computers and civilization

Entry Topical Term

Number of records used in: 6

001 - CONTROL NUMBER

  • control field: 34985

003 - CONTROL NUMBER IDENTIFIER

  • control field: OSt

005 - DATE AND TIME OF LATEST TRANSACTION

  • control field: 20150212130427.0

008 - FIXED-LENGTH DATA ELEMENTS

  • fixed length control field: 140130|| aca||babn | a|a d

040 ## - CATALOGING SOURCE

  • Original cataloging agency: OSt

150 #0 - HEADING--TOPICAL TERM

  • Topical term or geographic name as entry element: Computers and civilization

450 ## - SEE FROM TRACING--TOPICAL TERM

  • Topical term or geographic name entry element: Civilization and computers

550 ## - SEE ALSO FROM TRACING--TOPICAL TERM

  • Topical term or geographic name entry element: Civilization